Спидран алфавита - Statistics

General Stats
  • This quiz has been taken 91 times
  • The average score is 15 of 33
Answer Stats
Answer % Correct
а
100%
б
98%
в
95%
г
95%
д
91%
е
88%
ж
70%
ё
67%
з
67%
и
63%
й
53%
к
51%
л
51%
м
49%
н
49%
о
47%
п
47%
р
44%
с
40%
т
40%
у
37%
ф
35%
х
26%
ц
21%
ч
19%
ш
19%
щ
19%
ъ
16%
ы
12%
ь
12%
э
12%
ю
12%
я
7%
No matching quizzes found
Score Distribution
Percent of People with Each Score
Percentile by Number Answered
Your Score History
You have not taken this quiz